[Event "DVM U20w 2023"]
[Site "Magdeburg GER"]
[Date "2023.12.29"]
[Round "5"]
[White "Schmidt, Inga"]
[Black "Gyácsok, Dzvinka"]
[Result "0-1"]
[Termination "normal"]
[Board "8.2"]
[WhiteElo "1367"]
[BlackElo "1565"]
[WhiteClock "00:24:57"]
[BlackClock "00:31:48"]
[WhiteTeam "SC Porta Westfalica 1950"]
[BlackTeam "SF Birkenfeld"]
[PlyCount "88"]
[WhiteFideId "16284526"]
[BlackFideId "16298292"]
[EventCountry "GER"]
[EventRounds "7"]
[EventType "team-swiss"]
[EventDate "2023.12.26"]

1. e4 {[%clk 01:30:59]} e5 {[%clk 01:30:54]} {[%emt 00:00:06]} 2. Nf3 {[%clk
01:31:18]} {[%emt 00:00:11]} Nc6 {[%clk 01:31:15]} {[%emt 00:00:09]} 3. Bc4
{[%clk 01:31:44]} {[%emt 00:00:06]} Bc5 {[%clk 01:31:38]} {[%emt 00:00:05]} 4.
c3 {[%clk 01:32:09]} {[%emt 00:00:06]} Nf6 {[%clk 01:31:56]} {[%emt 00:00:12]}
5. d4 {[%clk 01:32:33]} {[%emt 00:00:05]} exd4 {[%clk 01:32:11]} {[%emt
00:00:15]} 6. e5 {[%clk 01:32:58]} {[%emt 00:00:06]} d5 {[%clk 01:32:22]}
{[%emt 00:00:17]} 7. Bb5 {[%clk 01:33:22]} {[%emt 00:00:07]} Ne4 {[%clk
01:31:41]} {[%emt 00:01:11]} 8. cxd4 {[%clk 01:33:38]} {[%emt 00:00:14]} Be7
{[%clk 01:31:10]} {[%emt 00:01:00]} 9. h3 {[%clk 01:31:39]} {[%emt 00:02:32]}
O-O {[%clk 01:29:35]} {[%emt 00:02:03]} 10. a3 {[%clk 01:19:53]} {[%emt
00:12:16]} Bd7 {[%clk 01:14:46]} {[%emt 00:15:19]} 11. Nbd2 {[%clk 01:14:33]}
{[%emt 00:05:51]} Nxe5 {[%clk 01:09:12]} {[%emt 00:06:03]} 12. Bxd7 {[%clk
00:53:56]} {[%emt 00:21:08]} Nd3+ {[%clk 01:02:07]} {[%emt 00:07:35]} 13. Ke2
{[%clk 00:49:28]} {[%emt 00:04:58]} Ndxf2 {[%clk 00:57:48]} {[%emt 00:04:49]}
14. Qa4 {[%clk 00:47:18]} {[%emt 00:02:39]} Nxh1 {[%clk 00:52:36]} {[%emt
00:05:42]} 15. Nxe4 {[%clk 00:38:30]} {[%emt 00:09:18]} dxe4 {[%clk 00:50:40]}
{[%emt 00:02:25]} 16. Ne5 {[%clk 00:34:43]} {[%emt 00:04:18]} Ng3+ {[%clk
00:43:20]} {[%emt 00:07:50]} 17. Kd1 {[%clk 00:28:09]} {[%emt 00:07:01]} Bf6
{[%clk 00:38:48]} {[%emt 00:05:03]} 18. Bf4 {[%clk 00:25:31]} {[%emt 00:03:08]}
Nh5 {[%clk 00:33:51]} {[%emt 00:05:27]} 19. Bh2 {[%emt 00:00:22]} Bxe5 {[%clk
00:31:47]} {[%emt 00:02:28]} 20. dxe5 {[%clk 00:24:34]} {[%emt 00:01:41]} Qh4
{[%clk 00:23:14]} {[%emt 00:09:02]} 21. Bg4 {[%clk 00:16:49]} {[%emt 00:08:16]}
Rfd8+ {[%clk 00:18:11]} {[%emt 00:05:34]} 22. Ke2 {[%clk 00:16:38]} {[%emt
00:00:41]} Ng3+ {[%clk 00:16:16]} {[%emt 00:02:25]} 23. Bxg3 {[%clk 00:16:49]}
{[%emt 00:00:18]} Qxg3 {[%clk 00:16:00]} {[%emt 00:00:47]} 24. Qxe4 {[%clk
00:17:08]} {[%emt 00:00:12]} c6 {[%clk 00:14:44]} {[%emt 00:01:46]} 25. Re1
{[%clk 00:05:16]} {[%emt 00:12:22]} Rd5 {[%clk 00:11:29]} {[%emt 00:03:43]} 26.
Kf1 {[%clk 00:05:17]} {[%emt 00:00:30]} Rd2 {[%clk 00:10:31]} {[%emt 00:01:27]}
27. Qf3 {[%clk 00:04:40]} {[%emt 00:01:07]} Qxf3+ {[%clk 00:07:06]} {[%emt
00:03:57]} 28. Bxf3 {[%clk 00:05:01]} {[%emt 00:00:09]} Rxb2 {[%clk 00:05:54]}
{[%emt 00:01:42]} 29. g4 {[%clk 00:04:59]} {[%emt 00:00:32]} Re8 {[%clk
00:05:35]} {[%emt 00:00:49]} 30. g5 {[%clk 00:04:22]} {[%emt 00:01:07]} Rb5
{[%clk 00:04:34]} {[%emt 00:01:30]} 31. h4 {[%clk 00:04:13]} {[%emt 00:00:40]}
Rbxe5 {[%clk 00:04:40]} {[%emt 00:00:24]} 32. Rb1 {[%clk 00:04:23]} {[%emt
00:00:19]} R8e7 {[%clk 00:03:48]} {[%emt 00:01:22]} 33. a4 {[%emt 00:01:22]} g6
{[%clk 00:04:07]} {[%emt 00:00:09]} 34. Kg2 {[%clk 00:03:03]} {[%emt 00:01:01]}
Re1 {[%clk 00:03:33]} {[%emt 00:01:03]} 35. Rb4 {[%clk 00:02:55]} {[%emt
00:00:39]} Ra1 {[%clk 00:03:28]} {[%emt 00:00:33]} 36. Kg3 {[%clk 00:02:57]}
{[%emt 00:00:29]} a5 {[%clk 00:02:17]} {[%emt 00:01:40]} 37. Rd4 {[%clk
00:01:45]} {[%emt 00:01:43]} Re3 {[%clk 00:01:23]} {[%emt 00:01:25]} 38. Rd7
{[%clk 00:01:10]} {[%emt 00:01:04]} Raa3 {[%clk 00:01:06]} {[%emt 00:00:47]}
39. Rxb7 {[%clk 00:01:16]} {[%emt 00:00:24]} Rxf3+ {[%clk 00:01:33]} {[%emt
00:00:04]} 40. Kg2 {[%clk 00:01:00]} {[%emt 00:00:46]} Rfc3 {[%clk 00:01:46]}
{[%emt 00:00:17]} 41. Rb8+ {[%clk 00:29:24]} {[%emt 00:02:06]} Kg7 {[%clk
00:32:09]} {[%emt 00:00:07]} 42. Rb1 {[%clk 00:26:22]} {[%emt 00:03:31]} Rxa4
{[%clk 00:32:04]} {[%emt 00:00:35]} 43. Rh1 {[%clk 00:26:44]} {[%emt 00:00:08]}
Ra2+ {[%clk 00:32:09]} {[%emt 00:00:13]} 44. Kg1 {[%clk 00:24:57]} {[%emt
00:02:29]} Rc1# {[%clk 00:31:48]} {[%emt 00:00:45]} 0-1

[Event "DVM U20w 2023"]
[Site "Magdeburg GER"]
[Date "2023.12.29"]
[Round "5"]
[White "Sokyrko, Sofiia"]
[Black "Wolterink, Jule"]
[Result "0-1"]
[Termination "normal"]
[Board "9.1"]
[WhiteElo "1456"]
[BlackElo "1474"]
[WhiteClock "00:29:05"]
[BlackClock "00:05:36"]
[WhiteTeam "SC Strateg Stuttgart"]
[BlackTeam "SK Lehrte 1919"]
[PlyCount "134"]
[WhiteFideId "34165711"]
[BlackFideId "12981206"]
[EventCountry "GER"]
[EventRounds "7"]
[EventType "team-swiss"]
[EventDate "2023.12.26"]

1. d4 {[%clk 01:29:48]} {[%emt 00:01:11]} e6 {[%clk 01:30:41]} {[%emt
00:00:20]} 2. c4 {[%clk 01:27:40]} {[%emt 00:02:37]} Nf6 {[%clk 01:31:00]}
{[%emt 00:00:11]} 3. Nc3 {[%clk 01:27:22]} {[%emt 00:00:48]} d5 {[%clk
01:31:18]} {[%emt 00:00:11]} 4. Nf3 {[%clk 01:20:21]} {[%emt 00:07:31]} Be7
{[%clk 01:30:07]} {[%emt 00:01:41]} 5. e3 {[%clk 01:18:37]} {[%emt 00:02:13]}
Nbd7 {[%clk 01:28:58]} {[%emt 00:01:40]} 6. cxd5 {[%clk 01:11:31]} {[%emt
00:07:36]} exd5 {[%clk 01:29:24]} {[%emt 00:00:05]} 7. Bd3 {[%clk 01:11:21]}
{[%emt 00:00:39]} c6 {[%clk 01:29:29]} {[%emt 00:00:25]} 8. O-O {[%clk
01:08:51]} {[%emt 00:02:59]} O-O {[%clk 01:28:06]} {[%emt 00:01:54]} 9. Nd2
{[%clk 00:51:55]} {[%emt 00:17:26]} Re8 {[%clk 01:21:20]} {[%emt 00:07:16]} 10.
e4 {[%emt 00:02:05]} dxe4 {[%clk 01:20:37]} {[%emt 00:00:20]} 11. Ndxe4 {[%clk
00:51:20]} {[%emt 00:00:23]} Nxe4 {[%clk 01:18:54]} {[%emt 00:02:13]} 12. Nxe4
{[%clk 00:50:56]} {[%emt 00:00:54]} Nf6 {[%clk 01:17:49]} {[%emt 00:01:35]} 13.
Nxf6+ {[%clk 00:47:58]} {[%emt 00:03:27]} Bxf6 {[%clk 01:18:12]} {[%emt
00:00:08]} 14. Be3 {[%clk 00:48:20]} {[%emt 00:00:07]} Be6 {[%clk 01:13:34]}
{[%emt 00:05:09]} 15. Qd2 {[%clk 00:46:48]} {[%emt 00:02:02]} Qd7 {[%clk
01:03:53]} {[%emt 00:10:10]} 16. Rad1 {[%clk 00:43:49]} {[%emt 00:03:29]} Bd5
{[%clk 00:55:50]} {[%emt 00:08:33]} 17. b3 {[%clk 00:32:55]} {[%emt 00:11:24]}
Rad8 {[%clk 00:50:45]} {[%emt 00:05:34]} 18. h3 {[%clk 00:29:40]} {[%emt
00:03:45]} g6 {[%clk 00:44:50]} {[%emt 00:06:26]} 19. f4 {[%clk 00:22:37]}
{[%emt 00:07:32]} Be4 {[%clk 00:35:27]} {[%emt 00:09:54]} 20. Bxe4 {[%clk
00:21:27]} {[%emt 00:01:39]} Rxe4 {[%clk 00:35:46]} {[%emt 00:00:11]} 21. Qd3
{[%clk 00:21:43]} {[%emt 00:00:13]} Rxe3 {[%clk 00:34:36]} {[%emt 00:01:40]}
22. Qxe3 {[%clk 00:22:01]} {[%emt 00:00:11]} Bxd4 {[%clk 00:35:03]} {[%emt
00:00:04]} 23. Qxd4 {[%clk 00:21:34]} {[%emt 00:00:56]} Qxd4+ {[%clk 00:35:26]}
{[%emt 00:00:09]} 24. Rxd4 {[%clk 00:21:59]} {[%emt 00:00:05]} Rxd4 {[%clk
00:35:53]} {[%emt 00:00:02]} 25. f5 {[%clk 00:21:22]} {[%emt 00:01:07]} Kf8
{[%clk 00:33:44]} {[%emt 00:02:38]} 26. f6 {[%clk 00:20:52]} {[%emt 00:01:00]}
Rd6 {[%clk 00:33:49]} {[%emt 00:00:25]} 27. g4 {[%clk 00:20:59]} {[%emt
00:00:22]} g5 {[%clk 00:33:37]} {[%emt 00:00:42]} 28. Kg2 {[%clk 00:21:19]}
{[%emt 00:00:12]} Ke8 {[%clk 00:31:54]} {[%emt 00:02:12]} 29. Kg3 {[%clk
00:21:21]} {[%emt 00:00:28]} Kd7 {[%clk 00:30:25]} {[%emt 00:02:00]} 30. Rf3
{[%clk 00:20:42]} {[%emt 00:01:09]} Rd4 {[%clk 00:25:42]} {[%emt 00:05:13]} 31.
Re3 {[%clk 00:19:08]} {[%emt 00:02:03]} Kc7 {[%clk 00:21:59]} {[%emt 00:04:13]}
32. Re8 {[%clk 00:15:08]} {[%emt 00:04:30]} Rd3+ {[%clk 00:21:50]} {[%emt
00:00:39]} 33. Kf2 {[%clk 00:15:27]} {[%emt 00:00:11]} Rd8 {[%clk 00:22:03]}
{[%emt 00:00:18]} 34. Re5 {[%clk 00:13:52]} {[%emt 00:02:06]} h6 {[%clk
00:15:46]} {[%emt 00:06:46]} 35. Re7+ {[%clk 00:11:44]} {[%emt 00:02:38]} Rd7
{[%clk 00:16:07]} {[%emt 00:00:10]} 36. Re8 {[%clk 00:12:09]} {[%emt 00:00:05]}
Kd6 {[%clk 00:15:18]} {[%emt 00:01:18]} 37. Rh8 {[%clk 00:12:15]} {[%emt
00:00:24]} Ke6 {[%clk 00:15:24]} {[%emt 00:00:24]} 38. Ke3 {[%clk 00:07:59]}
{[%emt 00:04:45]} Kxf6 {[%clk 00:13:15]} {[%emt 00:02:40]} 39. Rxh6+ {[%clk
00:08:17]} {[%emt 00:00:11]} Kg7 {[%clk 00:12:25]} {[%emt 00:01:20]} 40. Rh5
{[%clk 00:08:26]} {[%emt 00:00:21]} f6 {[%clk 00:11:43]} {[%emt 00:01:13]} 41.
h4 {[%clk 00:08:50]} {[%emt 00:00:06]} gxh4 {[%emt 00:02:12]} 42. Rxh4 {[%emt
00:00:05]} Rd5 {[%clk 00:09:01]} {[%emt 00:00:56]} 43. Ke4 {[%clk 00:08:57]}
{[%emt 00:00:22]} Kg6 {[%clk 00:06:56]} {[%emt 00:02:35]} 44. Rh5 {[%clk
00:08:39]} {[%emt 00:00:48]} Rd2 {[%clk 00:05:13]} {[%emt 00:02:13]} 45. Ra5
{[%clk 00:07:55]} {[%emt 00:01:15]} a6 {[%clk 00:02:33]} {[%emt 00:03:10]} 46.
Ke3 {[%clk 00:08:10]} {[%emt 00:00:14]} Rd5 {[%clk 00:00:46]} {[%emt 00:02:18]}
47. Ra4 {[%clk 00:08:09]} {[%emt 00:00:31]} a5 {[%clk 00:27:33]} {[%emt
00:03:44]} 48. Ke4 {[%clk 00:37:53]} {[%emt 00:00:45]} Rb5 {[%clk 00:25:03]}
{[%emt 00:03:00]} 49. Kf3 {[%clk 00:37:39]} {[%emt 00:00:43]} Kg5 {[%clk
00:16:39]} {[%emt 00:08:55]} 50. Rc4 {[%clk 00:37:37]} {[%emt 00:00:32]} Rd5
{[%clk 00:13:48]} {[%emt 00:03:21]} 51. Rc1 {[%clk 00:35:17]} {[%emt 00:02:50]}
Rd2 {[%clk 00:12:30]} {[%emt 00:01:49]} 52. Rc5+ {[%clk 00:35:15]} {[%emt
00:00:32]} Rd5 {[%clk 00:12:49]} {[%emt 00:00:10]} 53. Rc1 {[%clk 00:35:39]}
{[%emt 00:00:06]} c5 {[%clk 00:09:28]} {[%emt 00:03:52]} 54. Rh1 {[%clk
00:32:38]} {[%emt 00:03:30]} Kg6 {[%clk 00:09:40]} {[%emt 00:00:19]} 55. Rh8
{[%clk 00:32:15]} {[%emt 00:00:52]} Rd2 {[%clk 00:08:30]} {[%emt 00:01:41]} 56.
Rg8+ {[%clk 00:31:52]} {[%emt 00:00:52]} Kf7 {[%clk 00:07:47]} {[%emt
00:01:14]} 57. Rb8 {[%clk 00:32:14]} {[%emt 00:00:07]} Rxa2 {[%emt 00:00:55]}
58. Rxb7+ {[%emt 00:00:06]} Kg6 {[%clk 00:06:44]} {[%emt 00:00:32]} 59. Rb5
{[%clk 00:31:18]} {[%emt 00:01:25]} Ra3 {[%clk 00:06:16]} {[%emt 00:01:00]} 60.
Kf4 {[%clk 00:31:25]} {[%emt 00:00:22]} a4 {[%clk 00:04:27]} {[%emt 00:02:20]}
61. b4 {[%clk 00:30:39]} {[%emt 00:01:16]} c4 {[%clk 00:04:27]} {[%emt
00:00:29]} 62. Rc5 {[%clk 00:30:37]} {[%emt 00:00:33]} c3 {[%clk 00:04:52]}
{[%emt 00:00:06]} 63. b5 {[%clk 00:30:48]} {[%emt 00:00:18]} Rb3 {[%clk
00:05:18]} {[%emt 00:00:04]} 64. Rc4 {[%clk 00:29:54]} {[%emt 00:01:24]} a3
{[%clk 00:05:27]} {[%emt 00:00:21]} 65. b6 {[%clk 00:30:14]} {[%emt 00:00:10]}
a2 {[%clk 00:04:56]} {[%emt 00:01:01]} 66. Ra4 {[%clk 00:28:48]} {[%emt
00:01:56]} c2 {[%clk 00:05:12]} {[%emt 00:00:15]} 67. Rxa2 {[%clk 00:29:05]}
{[%emt 00:00:13]} c1=Q+ {[%clk 00:05:36]} {[%emt 00:00:06]} 0-1

[Event "DVM U20w 2023"]
[Site "Magdeburg GER"]
[Date "2023.12.29"]
[Round "5"]
[White "Stelter, Finja"]
[Black "Korshak, Sofiia"]
[Result "1-0"]
[Termination "normal"]
[Board "9.2"]
[WhiteElo "1310"]
[BlackElo "1435"]
[WhiteClock "00:13:20"]
[BlackClock "00:31:09"]
[WhiteTeam "SK Lehrte 1919"]
[BlackTeam "SC Strateg Stuttgart"]
[PlyCount "111"]
[WhiteFideId "16298624"]
[BlackFideId "34176403"]
[EventCountry "GER"]
[EventRounds "7"]
[EventType "team-swiss"]
[EventDate "2023.12.26"]

1. e4 {[%clk 01:30:58]} {[%emt 00:00:03]} e5 {[%clk 01:30:55]} {[%emt
00:00:05]} 2. Nf3 {[%clk 01:31:21]} {[%emt 00:00:06]} d5 {[%clk 01:30:56]}
{[%emt 00:00:29]} 3. exd5 {[%clk 01:31:36]} {[%emt 00:00:16]} e4 {[%clk
01:31:14]} {[%emt 00:00:13]} 4. Qe2 {[%clk 01:31:57]} {[%emt 00:00:08]} Nf6
{[%clk 01:31:10]} {[%emt 00:00:33]} 5. d3 {[%clk 01:31:44]} {[%emt 00:00:43]}
Qxd5 {[%clk 01:31:20]} {[%emt 00:00:19]} 6. Nbd2 {[%clk 01:32:07]} {[%emt
00:00:09]} Nc6 {[%clk 01:31:01]} {[%emt 00:00:49]} 7. dxe4 {[%clk 01:32:01]}
{[%emt 00:00:36]} Qh5 {[%clk 01:30:57]} {[%emt 00:00:34]} 8. Qb5 {[%clk
01:31:51]} {[%emt 00:00:40]} Bc5 {[%clk 01:30:10]} {[%emt 00:01:17]} 9. c3
{[%clk 01:22:54]} {[%emt 00:09:27]} a6 {[%clk 01:23:42]} {[%emt 00:06:58]} 10.
Qb3 {[%clk 01:22:10]} {[%emt 00:01:10]} O-O {[%clk 01:21:11]} {[%emt 00:03:05]}
11. Be2 {[%clk 01:19:10]} {[%emt 00:03:27]} Re8 {[%clk 01:09:14]} {[%emt
00:12:30]} 12. Qc2 {[%clk 01:13:55]} {[%emt 00:05:44]} Bd7 {[%clk 00:56:44]}
{[%emt 00:13:01]} 13. b4 {[%clk 01:07:08]} {[%emt 00:07:16]} Bd6 {[%clk
00:56:02]} {[%emt 00:01:13]} 14. Bb2 {[%clk 00:59:35]} {[%emt 00:08:03]} Ne5
{[%clk 00:52:36]} {[%emt 00:03:57]} 15. Nxe5 {[%clk 00:49:53]} {[%emt
00:10:11]} Qxe5 {[%clk 00:52:31]} {[%emt 00:00:34]} 16. c4 {[%clk 00:49:14]}
{[%emt 00:01:10]} Qe7 {[%clk 00:51:23]} {[%emt 00:01:38]} 17. c5 {[%clk
00:46:58]} {[%emt 00:02:46]} Be5 {[%clk 00:51:25]} {[%emt 00:00:28]} 18. f3
{[%clk 00:47:03]} {[%emt 00:00:25]} Rad8 {[%clk 00:49:05]} {[%emt 00:02:50]}
19. Bxe5 {[%clk 00:43:42]} {[%emt 00:03:50]} Qxe5 {[%clk 00:49:21]} {[%emt
00:00:13]} 20. O-O {[%clk 00:43:57]} {[%emt 00:00:17]} Qd4+ {[%clk 00:44:49]}
{[%emt 00:05:02]} 21. Kh1 {[%clk 00:43:45]} {[%emt 00:00:43]} Qxb4 {[%clk
00:44:55]} {[%emt 00:00:21]} 22. Rab1 {[%clk 00:38:09]} {[%emt 00:06:07]} Qd4
{[%clk 00:38:40]} {[%emt 00:06:46]} 23. Rxb7 {[%clk 00:32:11]} {[%emt
00:06:28]} Bb5 {[%clk 00:37:41]} {[%emt 00:01:28]} 24. Bxb5 {[%clk 00:27:57]}
{[%emt 00:04:43]} axb5 {[%clk 00:37:55]} {[%emt 00:00:15]} 25. Nb3 {[%clk
00:28:08]} {[%emt 00:00:21]} Qa4 {[%clk 00:33:42]} {[%emt 00:04:43]} 26. Rxc7
{[%clk 00:24:53]} {[%emt 00:03:46]} h6 {[%clk 00:31:12]} {[%emt 00:03:01]} 27.
c6 {[%clk 00:21:10]} {[%emt 00:04:12]} Qa6 {[%clk 00:30:41]} {[%emt 00:01:01]}
28. Ra1 {[%clk 00:17:17]} {[%emt 00:04:23]} Rc8 {[%clk 00:28:41]} {[%emt
00:02:30]} 29. Rxc8 {[%clk 00:14:13]} {[%emt 00:03:34]} Rxc8 {[%clk 00:28:54]}
{[%emt 00:00:16]} 30. Nd4 {[%clk 00:14:28]} {[%emt 00:00:15]} Qb6 {[%clk
00:28:50]} {[%emt 00:00:35]} 31. Rd1 {[%clk 00:14:07]} {[%emt 00:00:48]} g6
{[%clk 00:28:01]} {[%emt 00:01:22]} 32. a4 {[%clk 00:11:17]} {[%emt 00:03:20]}
b4 {[%clk 00:27:37]} {[%emt 00:00:54]} 33. Qc4 {[%emt 00:01:48]} Ne8 {[%clk
00:25:32]} {[%emt 00:02:33]} 34. Qb5 {[%clk 00:08:07]} {[%emt 00:02:23]} Qxb5
{[%clk 00:23:19]} {[%emt 00:02:42]} 35. axb5 {[%clk 00:08:30]} {[%emt
00:00:08]} Rb8 {[%clk 00:23:40]} {[%emt 00:00:09]} 36. Rb1 {[%clk 00:08:41]}
{[%emt 00:00:19]} Nc7 {[%clk 00:23:57]} {[%emt 00:00:13]} 37. Rxb4 {[%clk
00:08:58]} {[%emt 00:00:13]} Kg7 {[%clk 00:23:47]} {[%emt 00:00:41]} 38. Kg1
{[%clk 00:07:36]} {[%emt 00:01:52]} Kf6 {[%clk 00:23:51]} {[%emt 00:00:25]} 39.
Kf2 {[%clk 00:07:03]} {[%emt 00:01:03]} Ke5 {[%clk 00:24:13]} {[%emt 00:00:08]}
40. Ke3 {[%clk 00:07:13]} {[%emt 00:00:20]} Kd6 {[%clk 00:23:12]} {[%emt
00:01:31]} 41. g4 {[%clk 00:00:52]} {[%emt 00:06:51]} Kc5 {[%clk 00:22:02]}
{[%emt 00:01:41]} 42. Rb3 {[%clk 00:00:34]} {[%emt 00:00:45]} f6 {[%clk
00:18:06]} {[%emt 00:04:27]} 43. h4 {[%clk 00:26:43]} {[%emt 00:04:22]} g5
{[%clk 00:45:05]} {[%emt 00:03:32]} 44. h5 {[%clk 00:24:16]} {[%emt 00:02:57]}
Kb6 {[%clk 00:44:42]} {[%emt 00:00:52]} 45. Kd3 {[%clk 00:22:08]} {[%emt
00:02:38]} Kc5 {[%clk 00:44:35]} {[%emt 00:00:37]} 46. Rb1 {[%clk 00:21:27]}
{[%emt 00:01:11]} Rd8 {[%clk 00:38:58]} {[%emt 00:06:06]} 47. Ke3 {[%clk
00:21:25]} {[%emt 00:00:33]} Kb6 {[%clk 00:34:52]} {[%emt 00:04:37]} 48. Nf5
{[%clk 00:16:41]} {[%emt 00:05:14]} Rh8 {[%clk 00:34:43]} {[%emt 00:00:38]} 49.
Ne7 {[%clk 00:16:36]} {[%emt 00:00:36]} Re8 {[%clk 00:34:39]} {[%emt 00:00:34]}
50. Nf5 {[%clk 00:16:10]} {[%emt 00:00:56]} Rh8 {[%clk 00:34:33]} {[%emt
00:00:36]} 51. f4 {[%clk 00:15:29]} {[%emt 00:01:12]} Rh7 {[%clk 00:32:10]}
{[%emt 00:02:52]} 52. fxg5 {[%clk 00:14:14]} {[%emt 00:01:46]} fxg5 {[%clk
00:31:35]} {[%emt 00:01:05]} 53. e5 {[%clk 00:14:27]} {[%emt 00:00:16]} Nd5+
{[%clk 00:31:48]} {[%emt 00:00:17]} 54. Kd4 {[%clk 00:13:49]} {[%emt 00:01:08]}
Nc7 {[%clk 00:32:00]} {[%emt 00:00:17]} 55. Nd6 {[%clk 00:13:14]} {[%emt
00:01:05]} Rh8 {[%clk 00:31:09]} {[%emt 00:01:21]} 56. Nc4+ {[%clk 00:13:20]}
{[%emt 00:00:25]} 1-0

[Event "DVM U20w 2023"]
[Site "Magdeburg GER"]
[Date "2023.12.29"]
[Round "5"]
[White "Bilogolovko, Anna"]
[Black "Thiele, Lea-Marie"]
[Result "0-1"]
[Termination "normal"]
[Board "9.3"]
[WhiteElo "1455"]
[BlackElo "1337"]
[WhiteClock "01:20:58"]
[BlackClock "01:10:17"]
[WhiteTeam "SC Strateg Stuttgart"]
[BlackTeam "SK Lehrte 1919"]
[PlyCount "36"]
[WhiteFideId "34163085"]
[BlackFideId "16298616"]
[EventCountry "GER"]
[EventRounds "7"]
[EventType "team-swiss"]
[EventDate "2023.12.26"]

1. e4 {[%clk 01:30:57]} {[%emt 00:00:03]} e6 {[%clk 01:30:48]} {[%emt
00:00:12]} 2. d4 {[%clk 01:30:50]} {[%emt 00:00:39]} d5 {[%clk 01:31:02]}
{[%emt 00:00:15]} 3. exd5 {[%clk 01:30:45]} {[%emt 00:00:35]} exd5 {[%clk
01:31:25]} {[%emt 00:00:07]} 4. c4 {[%clk 01:30:56]} {[%emt 00:00:19]} dxc4
{[%clk 01:31:06]} {[%emt 00:00:50]} 5. Bxc4 {[%clk 01:31:10]} {[%emt 00:00:15]}
Nf6 {[%clk 01:31:06]} {[%emt 00:00:30]} 6. Nf3 {[%clk 01:31:12]} {[%emt
00:00:28]} Bd6 {[%clk 01:30:38]} {[%emt 00:00:58]} 7. Bg5 {[%clk 01:31:00]}
{[%emt 00:00:42]} O-O {[%clk 01:28:13]} {[%emt 00:02:55]} 8. O-O {[%clk
01:30:57]} {[%emt 00:00:33]} Bg4 {[%clk 01:25:31]} {[%emt 00:03:12]} 9. Qb3
{[%clk 01:30:18]} {[%emt 00:01:10]} Qd7 {[%clk 01:12:20]} {[%emt 00:13:40]} 10.
Bxf6 {[%clk 01:30:01]} {[%emt 00:00:48]} gxf6 {[%clk 01:12:19]} {[%emt
00:00:30]} 11. Qxb7 {[%clk 01:28:18]} {[%emt 00:02:13]} Nc6 {[%clk 01:12:12]}
{[%emt 00:00:38]} 12. Bd5 {[%clk 01:26:35]} {[%emt 00:02:13]} Nb4 {[%clk
01:10:28]} {[%emt 00:02:14]} 13. Bb3 {[%clk 01:25:17]} {[%emt 00:01:47]} Rab8
{[%clk 01:08:14]} {[%emt 00:02:44]} 14. Qxa7 {[%clk 01:24:22]} {[%emt
00:01:25]} Bxf3 {[%clk 01:08:37]} {[%emt 00:00:07]} 15. gxf3 {[%clk 01:20:08]}
{[%emt 00:04:45]} Qh3 {[%clk 01:09:02]} {[%emt 00:00:03]} 16. Rd1 {[%clk
01:20:27]} {[%emt 00:00:12]} Bxh2+ {[%clk 01:09:26]} {[%emt 00:00:07]} 17. Kh1
{[%clk 01:20:44]} {[%emt 00:00:12]} Bg3+ {[%clk 01:09:51]} {[%emt 00:00:04]}
18. Kg1 {[%clk 01:20:58]} {[%emt 00:00:16]} Qh2+ {[%clk 01:10:17]} {[%emt
00:00:05]} 0-1